La représentation des données géographiques : Statistique et cartographie (notice n° 1566629)

détails MARC
000 -LEADER
fixed length control field 01134cam a2200145 4500500
005 - DATE AND TIME OF LATEST TRANSACTION
control field 20251214001958.0
041 ## - LANGUAGE CODE
Language code of text/sound track or separate title fre
042 ## - AUTHENTICATION CODE
Authentication code dc
100 10 - MAIN ENTRY--PERSONAL NAME
Personal name Béguin, Michèle
Relator term author
245 00 - TITLE STATEMENT
Title La représentation des données géographiques : Statistique et cartographie
260 ## - PUBLICATION, DISTRIBUTION, ETC.
Name of publisher, distributor, etc. Armand Colin,<br/>
Date of publication, distribution, etc. 2023.<br/>
520 ## - SUMMARY, ETC.
Summary, etc. Ce manuel présente les principaux outils et les méthodes essentielles pour réaliser tous types de cartes et graphiques. Dans un exposé clair, assorti de très nombreux exemples et définitions, il énonce : les règles fondamentales du traitement des données et du langage graphique, les choix possibles de représentation et les logiques du maniement des outils statistiques et cartographiques de base. Cette nouvelle édition vient également faire le point sur des formes inédites d’information géographique issues de la géolocalisation et des objets connectés. Un ouvrage indispensable pour travailler en autonomie.
700 10 - ADDED ENTRY--PERSONAL NAME
Personal name Pumain, Denise
Relator term author
856 41 - ELECTRONIC LOCATION AND ACCESS
Uniform Resource Identifier <a href="https://shs.cairn.info/la-representation-des-donnees-geographiques--9782200634827?lang=fr&redirect-ssocas=7080">https://shs.cairn.info/la-representation-des-donnees-geographiques--9782200634827?lang=fr&redirect-ssocas=7080</a>

Pas d'exemplaire disponible.

PLUDOC

PLUDOC est la plateforme unique et centralisée de gestion des bibliothèques physiques et numériques de Guinée administré par le CEDUST. Elle est la plus grande base de données de ressources documentaires pour les Étudiants, Enseignants chercheurs et Chercheurs de Guinée.

Adresse

627 919 101/664 919 101

25 boulevard du commerce
Kaloum, Conakry, Guinée

Réseaux sociaux

Powered by Netsen Group @ 2025